- Muerte
Entrada Tema o Materia
Número de registros utilizados en: 27
001 - NUMERO DE CONTROL
- Campo de control: 1613
003 - IDENTIFICADOR DEL NUMERO DE CONTROL
- Campo de control: CO-MdFUSB
005 - HORA Y FECHA DE LA ULTIMA TRANSACCIÓN
- Campo de control: 20190409130231.0
008 - CAMPO DE LONGITUD FIJA
- Campo fijo de descripción fija: 190409|| aca||babn | a|a d
040 ## -
- : CO-MdFUSB
- : CO-MdFUSB
150 ## - ENCABEZAMIENTO DE MATERIA-TEMA
- Téma o Materia: Muerte
450 ## - REFERENCIA DE ENVIO “VEASE” - MATERIA
- Encabezamiento temático : Cadáveres
450 ## - REFERENCIA DE ENVIO “VEASE” - MATERIA
- Encabezamiento temático : Difunto
450 ## - REFERENCIA DE ENVIO “VEASE” - MATERIA
- Encabezamiento temático : Restos humanos
450 ## - REFERENCIA DE ENVIO “VEASE” - MATERIA
- Encabezamiento temático : Restos, Humano
550 ## - REFERENCIA DE ENVIO "VEASE ADEMAS" - MATERIA
- Encabezamiento temático o nombre geográfico como elemento de entrada: Muerto
550 ## - REFERENCIA DE ENVIO "VEASE ADEMAS" - MATERIA
- Encabezamiento temático o nombre geográfico como elemento de entrada: Entierro
550 ## - REFERENCIA DE ENVIO "VEASE ADEMAS" - MATERIA
- Encabezamiento temático o nombre geográfico como elemento de entrada: Cremación
550 ## - REFERENCIA DE ENVIO "VEASE ADEMAS" - MATERIA
- Encabezamiento temático o nombre geográfico como elemento de entrada: Embalsamiento
550 ## - REFERENCIA DE ENVIO "VEASE ADEMAS" - MATERIA
- Encabezamiento temático o nombre geográfico como elemento de entrada: Ritos y ceremonias funerarias
- Información sobre la relación: Obituarios
750 ## - ASIENTO LIGADO AL ENCABEZAMIENTO - TEMATICO
- Número de control del registro: (DLC) sh 85036024
- Encabezamiento temático : Muerto
750 ## - ASIENTO LIGADO AL ENCABEZAMIENTO - TEMATICO
- Número de control del registro: http://en.wikipedia.org/wiki/Cadaver
- Encabezamiento temático : Cadaver
750 ## - ASIENTO LIGADO AL ENCABEZAMIENTO - TEMATICO
- Encabezamiento temático : Muerte
